| 000 | 00567nam a2200121Ia 4500 | ||
|---|---|---|---|
| 008 | 170221s9999 xx 000 0 und d | ||
| 100 | _aSegrest, Sharon L. | ||
| 245 | _aAbility to differentiate and its impact on employment interview decision-making | ||
| 245 | _cSharon L. Segrest University of South Florida St. Petersburg; Philip J. Trocchia, University of South Florida St. Petersburg; Mary Jo Jackson, University of Tampa. | ||
| 260 | _bJournal of Management and Marketing Research | ||
| 650 | _xBusiness | ||
| 856 | _uhttp://www.aabri.com/manuscripts/121405.pdf | ||
| 999 |
_c307387 _d307387 |
||